<?xml version="1.0" encoding="UTF-8"?><?xml-stylesheet type="text/xsl" href="static/style.xsl"?><OAI-PMH xmlns="http://www.openarchives.org/OAI/2.0/" xmlns:xsi="http://www.w3.org/2001/XMLSchema-instance" xsi:schemaLocation="http://www.openarchives.org/OAI/2.0/ http://www.openarchives.org/OAI/2.0/OAI-PMH.xsd"><responseDate>2026-06-03T14:36:05Z</responseDate><request verb="GetRecord" identifier="oai:riuma.uma.es:10630/34149" metadataPrefix="marc">https://riuma.uma.es/rest/oai/request</request><GetRecord><record><header><identifier>oai:riuma.uma.es:10630/34149</identifier><datestamp>2026-02-03T11:30:47Z</datestamp><setSpec>com_10630_2254</setSpec><setSpec>col_10630_37953</setSpec></header><metadata><record xmlns="http://www.loc.gov/MARC21/slim" xmlns:dcterms="http://purl.org/dc/terms/" xmlns:doc="http://www.lyncode.com/xoai" xmlns:xsi="http://www.w3.org/2001/XMLSchema-instance" xsi:schemaLocation="http://www.loc.gov/MARC21/slim http://www.loc.gov/standards/marcxml/schema/MARC21slim.xsd">
   <leader>00925njm 22002777a 4500</leader>
   <datafield ind2=" " ind1=" " tag="042">
      <subfield code="a">dc</subfield>
   </datafield>
   <datafield ind2=" " ind1=" " tag="720">
      <subfield code="a">Capó-Bauçà, Sebastià</subfield>
      <subfield code="e">author</subfield>
   </datafield>
   <datafield ind2=" " ind1=" " tag="720">
      <subfield code="a">Íñiguez Moreno, Concepción</subfield>
      <subfield code="e">author</subfield>
   </datafield>
   <datafield ind2=" " ind1=" " tag="720">
      <subfield code="a">Aguiló-Nicolau, Pere</subfield>
      <subfield code="e">author</subfield>
   </datafield>
   <datafield ind2=" " ind1=" " tag="720">
      <subfield code="a">Galmés, Jeroni</subfield>
      <subfield code="e">author</subfield>
   </datafield>
   <datafield ind2=" " ind1=" " tag="260">
      <subfield code="c">2022</subfield>
   </datafield>
   <datafield ind2=" " ind1=" " tag="520">
      <subfield code="a">Submerged angiosperms sustain some of the most productive and diverse ecosystems worldwide. However, their carbon acquisition and assimilation mechanisms remain poorly explored, missing an important step in the evolution of photosynthesis during the colonization of aquatic environments by angiosperms. Here, we reveal a convergent Rubisco kinetic adaptation in phylogenetically distant seagrass species that shared catalytic efficiencies and CO2 and O2 affinities up to 3-times lower than those observed in phylogenetically closer angiosperms from terrestrial, freshwater and brackish water habitats. This Rubisco kinetic convergence was found to correlate with the effectiveness of seagrass CO2 concentrating mechanisms (CCMs), which likely evolved in response to the constant CO2 limitation in marine environments. The observed Rubisco kinetic adaptation in seagrasses more closely resembles that seen in eukaryotic algae operating CCMs rather than that reported in terrestrial C4 plants. Thus, our results demonstrate a general pattern of co-evolution between Rubisco function and biophysical CCM effectiveness that traverses across distantly related aquatic lineages.</subfield>
   </datafield>
   <datafield ind1="8" ind2=" " tag="024">
      <subfield code="a">Capó-Bauçà, S., Iñiguez, C., Aguiló-Nicolau, P. et al. Correlative adaptation between Rubisco and CO2-concentrating mechanisms in seagrasses. Nat. Plants 8, 706–716 (2022). https://doi.org/10.1038/s41477-022-01171-5</subfield>
   </datafield>
   <datafield ind1="8" ind2=" " tag="024">
      <subfield code="a">https://hdl.handle.net/10630/34149</subfield>
   </datafield>
   <datafield ind1="8" ind2=" " tag="024">
      <subfield code="a">10.1038/s41477-022-01171-5</subfield>
   </datafield>
   <datafield tag="653" ind2=" " ind1=" ">
      <subfield code="a">Algas -- Fisiología</subfield>
   </datafield>
   <datafield tag="653" ind2=" " ind1=" ">
      <subfield code="a">Enzimas -- Cinética</subfield>
   </datafield>
   <datafield tag="653" ind2=" " ind1=" ">
      <subfield code="a">Enzimas -- Análisis</subfield>
   </datafield>
   <datafield ind2="0" ind1="0" tag="245">
      <subfield code="a">Correlative adaptation between Rubisco and CO2-concentrating mechanisms in seagrasses</subfield>
   </datafield>
</record>
</metadata></record></GetRecord></OAI-PMH>